|
|
|
|
| LEADER |
02439nam a22004458i 4500 |
| 001 |
38426 |
| 003 |
BD-DhAAL |
| 005 |
20220418102415.0 |
| 008 |
220418t2021 nyu j 001 0 eng d |
| 999 |
|
|
|c 44008
|d 44008
|
| 010 |
|
|
|a 2019036134
|
| 020 |
|
|
|a 9781260013832
|
| 020 |
|
|
|a 1260013839 (bound edition)
|
| 020 |
|
|
|a 9781260819380
|
| 020 |
|
|
|a 1260819388
|
| 020 |
|
|
|z 9781260819427
|
| 040 |
|
|
|a DLC
|b eng
|e rda
|c DLC
|d BD-DhAAL
|
| 042 |
|
|
|a pcc
|
| 050 |
0 |
0 |
|a HG4521
|b .B564 2021
|
| 082 |
0 |
0 |
|a 332.6
|2 23
|
| 100 |
1 |
|
|a Bodie, Zvi,
|e author.
|9 48071
|
| 245 |
1 |
0 |
|a Investments /
|c Zvi Bodie, Boston University, Alex Kane, University of California, San Diego, Alan J. Marcus, Boston College.
|
| 250 |
|
|
|a Twelfth edition.
|
| 263 |
|
|
|a 2001
|
| 264 |
|
1 |
|a New York, NY :
|b McGraw-Hill Education,
|c [2021]
|
| 300 |
|
|
|a xxviii, 966 pages :
|b illustrations ;
|c 26 cm.
|
| 500 |
|
|
|a Includes index.
|
| 520 |
|
|
|a "Investments, Twelfth Edition, is intended primarily as a textbook for courses in investment analysis. Our guiding principle has been to present the material in a framework that is organized by a central core of consistent funda-mental principles. We attempt to strip away unnecessary mathematical and technical detail, and we have concen-trated on providing the intuition that may guide students and practitioners as they confront new ideas and chal-lenges in their professional lives"--
|
| 521 |
|
|
|a Ages 18+
|b McGraw-Hill Education.
|
| 526 |
|
|
|a BBS
|
| 541 |
|
|
|a Karim International
|e 38426, 38427, 38428
|
| 650 |
|
0 |
|a Investments.
|9 48072
|
| 650 |
|
0 |
|a Portfolio management.
|9 48073
|
| 700 |
1 |
|
|a Kane, Alex,
|d 1942-
|e author.
|9 48074
|
| 700 |
1 |
|
|a Marcus, Alan J.,
|e author.
|9 48075
|
| 852 |
|
|
|a Ayesha Abed Library
|c General Stacks
|
| 942 |
|
|
|2 ddc
|c BK
|
| 952 |
|
|
|0 0
|1 0
|2 ddc
|4 0
|6 332_600000000000000_BOD
|7 0
|9 70456
|a BRACUL
|b BRACUL
|c GEN
|d 2022-04-07
|e Karim International
|g 4690.00
|l 9
|m 113
|o 332.6 BOD
|p 3010038427
|q 2026-06-02
|r 2026-02-05
|s 2026-02-05
|t 2
|v 4690.00
|w 2022-04-07
|y BK
|
| 952 |
|
|
|0 0
|1 0
|2 ddc
|4 0
|6 332_600000000000000_BOD
|7 0
|9 70457
|a BRACUL
|b BRACUL
|c GEN
|d 2022-04-07
|e Karim International
|g 4690.00
|l 9
|m 109
|o 332.6 BOD
|p 3010038426
|q 2026-05-21
|r 2026-02-25
|s 2026-02-25
|t 1
|v 4690.00
|w 2022-04-07
|y BK
|
| 952 |
|
|
|0 0
|1 0
|2 ddc
|4 0
|6 332_600000000000000_BOD
|7 0
|9 70458
|a BRACUL
|b BRACUL
|c GEN
|d 2022-04-07
|e Karim International
|g 4690.00
|l 8
|m 93
|o 332.6 BOD
|p 3010038428
|q 2026-06-02
|r 2026-02-03
|s 2026-02-03
|t 3
|v 4690.00
|w 2022-04-07
|y BK
|